| 000 | 01043nam a2200253 i 4500 | ||
|---|---|---|---|
| 001 | 18312 | ||
| 003 | DO-SdUEMH | ||
| 005 | 20260109212918.0 | ||
| 007 | ta | ||
| 008 | 260109s2025 dr |||gr|||| 00| 0 spa d | ||
| 020 | _a9789945950113 | ||
| 040 |
_aDO-SdUEMH _bspa _erda |
||
| 041 | _aspa | ||
| 082 | 1 | 4 | _mRD |
| 245 |
_aNormativa del Registro Inmobiliario: _brepública dominicana 2025 |
||
| 264 | 1 |
_aSanto Domingo, República Dominicana : _bGraphic Colonial, S.R.L. _c2025 |
|
| 264 | 4 | _c©2025 | |
| 300 |
_a733 páginas : _c21 cm. |
||
| 336 |
_2rdacontent _atexto _btxt |
||
| 337 |
_2rdamedia _asin mediación _bn |
||
| 338 |
_2rdacarrier _avolumen _bnc |
||
| 505 | 2 | _aObjeto de la ley -- Marco institucional de la jurisdicción inmobiliaria -- Los procedimientos ante la jurisdicción inmobiliaria -- Desalojo de inmuebles registrados -- Recursos antes la jurisdicción inmobiliaria -- Modificaciones parcelarias -- Infracciones en jurisdicción inmobiliaria -- Disposiciones generales -- Disposiciones transitorias. | |
| 942 |
_2ddc _cBK _n0 |
||
| 999 |
_c18312 _d18312 |
||